Business Today/ (Registro nro. 9170)

Detalles MARC
000 -LEADER
fixed length control field 00736nam a2200217Ia 4500
005 - FECHA Y HORA DE LA ÚLTIMA TRANSACCIÓN
control field 20230906144336.0
008 - FIXED-LENGTH DATA ELEMENTS--GENERAL INFORMATION
fixed length control field 230903s9999 xx 000 0 und d
020 ## - INTERNATIONAL STANDARD BOOK NUMBER
International Standard Book Number 0-394-33629-1
040 ## - CATALOGING SOURCE
Original cataloging agency UPAN
Transcribing agency Biblioteca San Vicente
Description conventions RCAA2
041 ## - LANGUAGE CODE
Language code of text/sound track or separate title Ing
082 ## - DEWEY DECIMAL CLASSIFICATION NUMBER
Classification number 658.8
Item number R119b
año de publicación 1985
100 ## - MAIN ENTRY--PERSONAL NAME
Personal name Rachman J, David
Relator code aut.
245 #0 - TITLE STATEMENT
Title Business Today/
Statement of responsibility, etc David Rachman, Michael H. Mescon
250 ## - EDITION STATEMENT
Edition statement 4° ed.
260 ## - PUBLICATION, DISTRIBUTION, ETC. (IMPRINT)
Place of publication, distribution, etc EEUU:
Name of publisher, distributor, etc Random House Business Division,
Date of publication, distribution, etc 1985
300 ## - PHYSICAL DESCRIPTION
Extent 643 p.;
Dimensions 26 cm.
505 ## - FORMATTED CONTENTS NOTE
Formatted contents note 1. Focus on America Enterprise<br/>2. Management<br/>3. Marketing<br/>4. finance<br/>5. Tools of business<br/>6. the enviroment of business
650 ## - SUBJECT ADDED ENTRY--TOPICAL TERM
Source of heading or term LEMB
General subdivision Empresa
700 ## - ADDED ENTRY--PERSONAL NAME
Personal name Mescon, Michael H.
Relator code aut.
942 ## - ADDED ENTRY ELEMENTS (KOHA)
Koha item type Libros
Source of classification or shelving scheme Dewey Decimal Classification
Existencias
Withdrawn status Lost status Source of classification or shelving scheme Damaged status Not for loan Collection code Home library Current library Date acquired Total Checkouts Full call number Barcode Date last seen Copy number Price effective from Koha item type
    Dewey Decimal Classification     Colección General Biblioteca UPAN San Vicente Biblioteca UPAN San Vicente 03/09/2023   658.8 R119b 12001815 03/09/2023 01 03/09/2023 Libros